| 000 | 00358cam a22001097a 4500 | ||
|---|---|---|---|
| 008 | 180718b xxu||||| |||| 00| 0 eng d | ||
| 082 | _aY26x54 In2n | ||
| 245 |
_aNational nuclear energy programme _cby Lok Sabha Secretariat, India |
||
| 260 |
_aDelhi _bLok Sabha Secretariat _c |
||
| 500 | _aContents : Library has 1985, 1989 | ||
| 700 | _aIndia. Lok Sabha Secretariat | ||
| 999 |
_c499192 _d499192 |
||